Modern Day Countries - Ancient Civilizations - Statistics

General Stats
  • This quiz has been taken 94 times
  • The average score is 8 of 8
Answer Stats
Civilization Country(ies) % Correct
Qing China
100%
Egyptian Egypt, Sudan
100%
Greek Greece
100%
Aztec Mexico
99%
Inca Peru, Bolivia..
99%
Indus India, Pakistan..
96%
Persia Iran
96%
Mesopotamia Iraq, Syria..
96%
No matching quizzes found
Score Distribution
Percent of People with Each Score
Percentile by Number Answered
Your Score History
You have not taken this quiz